Podział administracyjny Generalnego Gubernatorstwa - Statystyki

Ogólne statystyki
  • Ten quiz został rozwiązany 351 razy
  • Średni wynik to 4 z 5
Odpowiedzi na mapie
Odpowiedzi zakodowano w zielono-czerwonej skali na mapie do tego quizu, zgodnie z poniższymi procentami.
 
Statystyki odpowiedzi
Dystrykt % Poprawnych
Krakowski
92%
Warszawski
92%
Lubelski
88%
Radomski
64%
Galicyjski
50%
Nie znaleziono quizów pasujących do podanych kryteriów
Rozkład punktacji
Procent ludzi z każdym wynikiem
Percentyl według liczby udzielonych odpowiedzi
Twoja historia wyników
Nie rozwiązałeś tego quizu